[Event "Recklinghausen"]
[Site "Recklinghausen"]
[Date "1997.??.??"]
[Round "6"]
[White "Maiwald, Jens Uwe"]
[Black "Kishnev, Sergey"]
[Result "1-0"]
[WhiteElo "2450"]
[BlackElo "2500"]
[Annotator "Psakhis,L"]
[PlyCount "55"]
[EventDate "1997.07.??"]
[EventType "tourn"]
[EventRounds "9"]
[EventCountry "GER"]
[EventCategory "8"]
[SourceTitle "CBM 060 Extra"]
[Source "ChessBase"]
[SourceDate "1997.11.04"]
[SourceVersion "1"]
[SourceVersionDate "1997.11.04"]
[SourceQuality "1"]

1. e4 e6 2. d4 d5 3. e5 c5 4. c3 Nc6 5. Nf3 Bd7 6. Be2 cxd4 (6... Nge7 $5) 7.
cxd4 Nge7 8. Nc3 Nf5 9. O-O Be7 (9... Qb6 $5) 10. g4 $1 Nh4 11. Nxh4 Bxh4 12.
Be3 O-O 13. f4 f6 (13... h6 14. Qd2 Rc8 15. Kh1 Be7 16. f5 Bg5 17. f6 gxf6 18.
Bxg5 fxg5 19. Rf6 Kg7 20. Raf1 Ne7 21. h4 {1-0 Kasparov,G-Klimczok,K/Katowice
1993}) 14. Qd2 (14. exf6 Bxf6 15. Rc1 g6 16. Qd2 Bg7 17. Bf3 Qa5 18. Bg2 Kh8
19. Kh1 Rac8 20. h3 Qb4 21. Rfd1 b6 22. Bf1 Na5 23. b3 Bc6 24. Ne4 Qe7 25. Ng5
e5 26. Rxc6 Nxc6 27. dxe5 Nxe5 28. fxe5 h6 {Nunn,J-Anand,V/Munich 1991/CBM 23/
[Ftacnik]/1-0 (40)}) 14... h6 (14... fxe5 15. dxe5 (15. fxe5 h6 16. Rxf8+ Qxf8
17. Rf1 Qe7 18. Bd3 Rf8 19. Rxf8+ Qxf8 20. Kg2 Be8 21. Ne2 Qb4 22. a3 Qxd2 23.
Bxd2 a6 24. Bc3 Kf8 25. Nc1 Bd8 $11 {1/2-1/2 Madsen,P-Skomorokhin,R/Berliner
Sommer 1994/EXT 94op (40)}) 15... Be7 16. Rad1 Qa5 17. Bf3 $14 Bc5 $2 18. Nxd5
$1 Bxe3+ 19. Nxe3 $18 {1-0 Kostyra,S-Ujma,J/Wisla BES 1992/TD 92\04 (33)}) 15.
Rad1 a6 16. Bd3 Rc8 (16... fxe5 17. dxe5 $5 d4 $140 $2 18. Bxd4 $1 Nxd4 19. Bc4
Bb5 20. Qxd4 Bxc4 21. Qxc4 Qb6+ 22. Kh1 Rac8 23. Qe2 $16) 17. Bb1 {[%cal Rb1h7]
} Be8 18. exf6 Rxf6 (18... Qxf6 19. g5 Qf7 (19... hxg5 20. fxg5 Qe7 21. Qd3 g6
22. Rxf8+ Qxf8 23. Qe2 $1 $16 {[%csl Rh4][%cal Re2g4]}) 20. gxh6 gxh6 21. f5 $1
$16) 19. g5 hxg5 (19... Rf7 20. Qc2 $5 Rf5 21. Qg2 $40) 20. fxg5 Rxf1+ 21. Rxf1
e5 (21... Bh5 22. Qd3 g6 23. Rf6 $16) 22. Qg2 $1 (22. dxe5 $2 d4 23. Qd3 g6 24.
Qc4+ Kg7 25. Rd1 Bxg5 $1) 22... exd4 (22... Bf7 23. Bf5 exd4 24. g6 $1 $18) (
22... Nxd4 23. Qg4 {[%csl Rh4]}) 23. Qf3 $18 Bg6 (23... Qe7 24. Nxd5 Qf7 25.
Qe4 $18) 24. Bxg6 Ne5 25. Bf7+ Kf8 26. Qf5 dxe3 27. Bxd5+ Ke8 28. Qe6+ 1-0

[Event "Moscow Aeroflot op-A"]
[Site "Moscow"]
[Date "2004.02.19"]
[Round "3"]
[White "Lastin, Alexander"]
[Black "Ivanov, Sergey"]
[Result "1-0"]
[WhiteElo "2625"]
[BlackElo "2544"]
[Annotator "Psakhis,L"]
[PlyCount "67"]
[EventDate "2004.02.17"]
[EventType "swiss"]
[EventRounds "9"]
[EventCountry "RUS"]
[SourceTitle "CBM 100"]
[Source "ChessBase"]
[SourceDate "2004.06.01"]
[SourceVersion "1"]
[SourceVersionDate "2004.06.01"]
[SourceQuality "1"]

1. e4 e6 2. d4 d5 3. e5 c5 4. c3 Qb6 5. Nf3 Nc6 6. a3 Nh6 $5 {[%cal Gh6f5]
This move become very popular in modern practice.} 7. b4 cxd4 8. cxd4 Nf5 9.
Bb2 Be7 10. Bd3 a5 11. Qa4 $5 ({Black hadn't too many problems after natural} 
11. Bxf5 exf5 12. Nc3 Be6 {for example} 13. b5 a4 $1 14. O-O (14. bxc6 Qxb2 15.
Nxa4 Rxa4 16. cxb7 Qc3+ $1 (16... Rxa3 17. Rb1 Qc3+ 18. Kf1 $1 (18. Qd2 Kd7 19.
Qxc3 Rxc3 20. Kd2 Rxf3 21. gxf3 Rb8 22. f4 $13 {1-0 Hoellrigl,W-Tabernig,B/BL2
0304 2004 (43)}) 18... Kd7 19. b8=Q Rxb8 20. Rxb8 Bb4 $132) (16... Bb4+ 17.
axb4 Qxb4+ 18. Nd2 Rxa1 19. Qxa1 Qxb7 20. Qa3 $1 $36 {[%csl Re8]}) 17. Nd2 (17.
Ke2 $4 Qc4+ $19) 17... O-O 18. Rb1 {[%cal Rd1a4,Rb7b8]} Bb4 $1 19. Rxb4 (19.
axb4 Ra2 {[%csl Re1]}) 19... Rxb4 20. axb4 Qxd4 21. O-O Rb8 $11 {with equal
chances}) 14... Nb8 15. Ne1 Nd7 16. Qf3 Qd8 17. Nd3 Nb6 18. Nc5 O-O 19. Bc1 Qc7
20. Be3 Rfd8 21. Rfd1 Nc4 $11 {0-1 Savic,M-Marzolo,C/Novi Sad-1 GM 2003/ (73)})
11... O-O 12. b5 f6 (12... Bd7 $5 13. g4 Nh4 14. Nxh4 Bxh4 15. O-O f6 16. Ra2
Na7 $36 {0-1 Malysheva,P-Ivanov,S/Stockholm 2003 (27)}) 13. Bxf5 exf5 ({
White's chances are better and after sharp} 13... fxe5 $6 14. Bh3 e4 15. Nfd2
Ne5 16. dxe5 Qxf2+ 17. Kd1 e3 18. Qg4 Bd7 19. a4 $1 exd2 20. Bd4 h5 21. Qxe6+
$1 $18 {Vysochin,S-Sambuev,B/St Petersburg 300 Years 2003//1-0 (51)}) 14. O-O
Be6 $146 {According to my database, this position appeared for the first time}
({Black tried also} 14... fxe5 $5 15. dxe5 Be6 (15... Na7 $2 16. Nc3 Be6 17.
Nd4 Nc8 18. Rfd1 Bc5 19. Nxe6 Qxe6 20. Nxd5 $18 {1-0 Abrahamyan,T-Sharavdorj,D/
USA op Los Angeles 2003/ (29)}) 16. Nbd2 Nb8 17. Bd4 Qd8 18. Nb3 Nd7 19. Rac1
Nb6 20. Bxb6 Qxb6 21. Nbd4 Rfc8 $14 {1-0 Rainfray,A-Drozdovsky,Y/Wch Cannes
B14 1997 (40)}) 15. Nc3 (15. bxc6 Qxb2 16. Nbd2 b5 $1 $13) 15... Na7 ({In the
case of} 15... fxe5 16. dxe5 Bc5 17. Ne2 $5 $36 {[%csl Gd4,Gf4][%cal Ge2d4]
white knights will occupy soon all inportant squares in the centre of the
board.}) 16. Qb3 Rfd8 (16... Rad8 $5 17. Rfe1 Rfe8 18. exf6 Bxf6 19. Re2 $14)
17. Rfe1 $1 {[%cal Ge1e7]} fxe5 18. Nxe5 $5 (18. Rxe5 Bf6 19. Nxd5 Bxe5 (19...
Rxd5 20. Rxd5 a4 21. Qa2 Kh8 22. Re1 $36) 20. Nxb6 Bxh2+ 21. Kxh2 Bxb3 22. Nxa8
Rxa8 $11) 18... Bf6 19. a4 {[%csl Ra7,Gc3,Ge5] White's chances are preferable,
thanks to a better pawn structure and active pieces.} Qxd4 {Looks like
desperation, but white's advantage is obvious and after} (19... Rac8 20. Rad1)
({or} 19... Nc8 $2 20. Ba3 $5 Qxd4 21. Rad1 $18) 20. Ne4 $1 Qxe4 $8 (20... Bxe5
21. Bxd4 Bxd4 22. Ng5 $1 Bxa1 23. Nxe6 $18) 21. Rxe4 fxe4 22. f3 $1 Re8 (22...
Rd6 $5) 23. fxe4 dxe4 24. Qg3 $16 {[%csl Gb2,Ge5,Gg3][%cal Ga1f1]} Bd5 (24...
Rad8 25. Rf1 Rd2 26. Bc3 $18) 25. Rd1 Rad8 (25... Ba2 $5 26. Rd6 $5) 26. Rf1 ({
White missed a very good oportunity to finish game immediately:} 26. Nc6 $142
$1 Bxb2 (26... bxc6 27. Bxf6 Rd7 28. bxc6 Nxc6 29. Rxd5 $18) 27. Nxd8 Be5 28.
Qe3 Rxd8 29. Rxd5 $1 Rxd5 30. Qb3 $18 {[%cal Rb3g8]}) 26... Bxe5 (26... Re6 27.
Rxf6 $1 Rxf6 28. Nc6 $18) 27. Bxe5 Rd7 (27... Re7 $2 28. Bf6) 28. Rd1 {[%cal
Rd1d5]} Ree7 {This attempt meets the tactical refutation.} ({But after} 28...
g6 {White also wins without any problems.} 29. Qg5 Rf8 (29... Re6 30. Bc3) 30.
g4 $1 Rf3 31. Bb2 $18 {[%cal Rg5e5]}) 29. Bxg7 $1 $18 {[%mdl 64] A glorious
finish of the white's strategy! Rest is simple.} Rxg7 30. Qb8+ Kf7 31. Rxd5
Rxd5 32. Qxb7+ Ke6 33. Qxg7 e3 34. Qh6+ 1-0

[Event "Rohde op 12th"]
[Site "Sautron"]
[Date "2012.11.03"]
[Round "9"]
[White "Karpatchev, Aleksandr"]
[Black "Shirazi, Kamran"]
[Result "1-0"]
[WhiteElo "2458"]
[BlackElo "2414"]
[Annotator "RR"]
[PlyCount "78"]
[EventDate "2012.10.27"]
[EventType "swiss"]
[EventRounds "9"]
[EventCountry "FRA"]
[SourceTitle "EXT 2014"]
[Source "ChessBase"]
[SourceDate "2013.11.20"]
[SourceVersion "1"]
[SourceVersionDate "2013.11.20"]
[SourceQuality "1"]
[TimeControl "40/5400+30:1800+30"]
[WhiteClock "1:30:00"]
[BlackClock "1:30:00"]

1. e4 {[%emt 0:00:00]} c5 {[%emt 0:02:31]} 2. c3 {[%emt 0:00:00]} e6 {[%emt 0:
06:06]} (2... Nf6) (2... d5) 3. d4 {[%emt 0:01:38]} (3. Nf3 d5) 3... d5 {
[%emt 0:00:39] Retombe d'une sicilienne vers une française fermée} 4. e5 {
[%emt 0:00:26]} Nc6 {[%emt 0:00:06]} 5. Nf3 {[%emt 0:00:07]} Bd7 {[%emt 0:00:
13]} 6. Be2 {[%emt 0:00:46]} b5 {[%emt 0:00:31] Sans surprise, le MI choisit
une ligne secondaire} (6... Nge7) (6... Qb6) 7. O-O {[%emt 0:06:21]} b4 {
[%emt 0:00:15]} (7... Qb6) 8. c4 $146 {[%emt 0:01:04]} ({RR} 8. cxb4 Nxb4 9.
dxc5 Bxc5 10. a3 Nc6 11. b4 Bb6 12. Nc3 Nge7 13. Bb2 O-O 14. Na4 Ng6 15. Nxb6
Qxb6 16. Qd2 Rfc8 17. Rfc1 Nce7 18. h4 h6 19. h5 Nf8 20. Bd4 Qb7 21. Bc5 Be8
22. b5 Nh7 {Kharlov,A (2555)-Jensen,L (2205)/Stockholm 1992/TD/1-0 (42)}) ({RR
} 8. Be3 bxc3 9. bxc3 Nge7 10. dxc5 Ng6 11. Nbd2 Ngxe5 12. Nxe5 Nxe5 13. c4 Bc6
14. Bd4 Nxc4 15. Nxc4 dxc4 16. Bf3 Bxf3 17. Qxf3 Rc8 18. Rfd1 Qd5 19. Qg3 Rg8
20. Be3 Qc6 21. Rac1 Be7 22. Rxc4 h5 {Cherniack,A (2284)-Kelleher,W (2408)/
Windsor Locks 2003/EXT 2005/0-1}) 8... cxd4 {[%emt 0:06:48]} 9. cxd5 {[%emt 0:
03:20]} exd5 {[%emt 0:00:05]} 10. Nbd2 {[%emt 0:09:00]} (10. Nxd4 $1 Nxe5 11.
Re1 {[%csl Re8]}) 10... Bc5 {[%emt 0:17:38]} 11. Nb3 $14 {[%emt 0:02:17]} Bb6 {
[%emt 0:00:06]} 12. Bg5 {[%emt 0:06:55]} Nge7 {[%emt 0:15:09]} 13. Bb5 {
[%emt 0:08:40]} h6 {[%emt 0:07:29]} 14. Bh4 {[%emt 0:05:44]} O-O {[%emt 0:01:
43]} 15. Re1 {[%emt 0:02:20]} Re8 {[%emt 0:00:55]} (15... Rc8) 16. e6 $1 {
[%emt 0:05:29]} fxe6 {[%emt 0:00:22]} 17. Bxc6 {[%emt 0:01:11]} Bxc6 {[%emt 0:
00:04]} 18. Nbxd4 {[%emt 0:04:22][%csl Rc6,Re6]} Bxd4 {[%emt 0:09:22]} 19. Nxd4
{[%emt 0:03:24]} Qd7 {[%emt 0:00:22]} 20. Rc1 $14 {[%emt 0:17:18]} Nf5 {
[%emt 0:04:22]} 21. Nxc6 {[%emt 0:01:22]} Nxh4 {[%emt 0:00:06]} 22. Qg4 {
[%emt 0:05:26]} Rac8 {[%emt 0:02:48]} 23. Nxb4 {[%emt 0:03:45]} Rxc1 {[%emt 0:
00:37]} 24. Rxc1 {[%emt 0:00:01]} Rc8 {[%emt 0:01:31]} 25. Rxc8+ {[%emt 0:02:
48]} (25. Nd3) 25... Qxc8 {[%emt 0:00:03]} 26. h3 {[%emt 0:01:45]} Qc1+ {
[%emt 0:02:05]} 27. Kh2 {[%emt 0:00:08]} Nf5 {[%emt 0:00:08]} 28. Nd3 {[%emt 0:
03:41]} (28. Nxd5 {[%cal Gg4f5]} Qxb2 $11) 28... Qd2 {[%emt 0:04:04]} 29. Qf3 {
[%emt 0:03:11]} Nd4 {[%emt 0:01:00]} 30. Qe3 {[%emt 0:00:32]} Qxe3 {[%emt 0:00:
39]} 31. fxe3 {[%emt 0:00:00]} Nc2 {[%emt 0:00:49]} 32. Nc5 {[%emt 0:00:39]}
Kf7 {[%emt 0:04:57]} 33. e4 {[%emt 0:00:00]} d4 {[%emt 0:03:44]} 34. e5 {
[%emt 0:00:55]} Nb4 {[%emt 0:00:49][%cal Gd4d3]} 35. Kg3 {[%emt 0:00:24]} Nxa2
{[%emt 0:01:55]} 36. Nd3 {[%emt 0:00:02]} a5 {[%emt 0:03:54]} 37. Kf3 {[%emt 0:
00:06]} Nc3 $2 $138 {[%emt 0:01:31]} (37... Kg6 $11 {[%cal Gg6f5]}) 38. bxc3 {
[%emt 0:01:36]} dxc3 {[%emt 0:00:02]} 39. Ke3 {[%emt 0:00:45]} h5 {[%emt 0:03:
16]} 1-0

[Event "Sautron op 16th"]
[Site "Sautron"]
[Date "2016.10.22"]
[Round "6.3"]
[White "Manea, Alexandru"]
[Black "Malakhatko, Vadim"]
[Result "1/2-1/2"]
[WhiteElo "2382"]
[BlackElo "2514"]
[Annotator "RR"]
[PlyCount "61"]
[EventDate "2016.10.22"]
[EventType "swiss"]
[EventRounds "9"]
[EventCountry "FRA"]
[SourceTitle "EXT 2019"]
[Source "ChessBase"]
[SourceDate "2018.10.10"]
[SourceVersion "1"]
[SourceVersionDate "2018.10.10"]
[SourceQuality "1"]
[TimeControl "40/5400+30:1800+30"]
[WhiteClock "0:15:13"]
[BlackClock "0:20:17"]

1. e4 {[%emt 0:02:58]} e6 {[%emt 0:01:32]} 2. d4 {[%emt 0:00:30]} d5 {[%emt 0:
00:07]} 3. e5 {[%emt 0:00:05]} c5 {[%emt 0:00:09]} 4. c3 {[%emt 0:00:05]} Qb6 {
[%emt 0:00:16]} (4... Nc6 5. Nf3 Bd7 6. Be2 f6 7. O-O fxe5 8. Nxe5 Nxe5 9. dxe5
Qc7 10. c4 d4 11. Re1 O-O-O $132) 5. Nf3 {[%emt 0:00:54]} Nc6 {[%emt 0:00:10]}
6. a3 {[%emt 0:00:04]} Nh6 {[%emt 0:00:15]} (6... c4) (6... Bd7) 7. b4 {
[%emt 0:00:18]} cxd4 {[%emt 0:00:07]} 8. Bxh6 {[%emt 0:00:05]} (8. cxd4 {
La grande ligne} Nf5) 8... gxh6 {[%emt 0:00:07]} 9. cxd4 {[%emt 0:00:07]} Bd7 {
[%emt 0:09:42]} (9... Bg7 10. Nc3 O-O 11. Na4 $14) 10. Be2 {[%emt 0:03:27]} (
10. Ra2 $5 Rc8 11. Rc2) 10... Rg8 {[%emt 0:06:19]} (10... Rc8 11. O-O Bg7 12.
Qd3 f6 13. b5 Ne7 14. Nc3 {Degraeve,J (2465)-Bauer,C (2485) Montpellier 1993 1/
2}) 11. O-O {[%emt 0:01:18]} Rg4 $1 {[%emt 0:00:06][%csl Rd4]} 12. h3 {[%emt 0:
00:14]} Rf4 {[%emt 0:00:15]} 13. g3 {[%emt 0:00:07]} Rxf3 {[%emt 0:00:05]} 14.
Bxf3 {[%emt 0:00:04]} Qxd4 {[%emt 0:00:10]} 15. Qxd4 {[%emt 0:00:06]} Nxd4 {
[%emt 0:00:06]} 16. Bh5 {[%emt 0:00:06]} Bg7 {[%emt 0:07:55]} (16... a5 17. Nc3
Rc8 18. Ne2 Nc2 19. Ra2 axb4 20. axb4 Nxb4 21. Ra7 Rb8 22. Rfa1 Na6 23. Rc1 Be7
24. Nf4 Nb4 25. Rca1 Na6 26. Rb1 Nb4 27. h4 Bc5 28. Ra5 b5 29. Kg2 Ke7 30. Be2
Bb6 31. Ra3 Nc2 32. Ra2 Nd4 33. Bg4 Nc6 34. Nd3 Bd4 35. f4 b4 36. Bd1 Bc3 37.
Ra6 Nd4 38. Nc5 Be8 39. Ra7+ Kf8 40. Ba4 Nb5 41. Bxb5 Rxb5 42. Rc7 Rxc5 43.
Rxc5 Ba4 44. Rc8+ Kg7 45. Rb8 Bc2 46. R1xb4 {Zherebukh,Y (2632)-Bartel,M (2677)
Lublin 2012 1-0 (66)}) 17. f4 {[%emt 0:01:16]} a5 $5 $146 {[%emt 0:06:05][%cal
Ga8a1]} (17... Ke7 18. Nd2 f6 19. exf6+ Bxf6 20. Rac1 a5 21. Rfe1 axb4 22. axb4
Ra3 23. Nf1 Kd6 24. Ne3 Nc6 25. Kg2 Nxb4 26. Rb1 Nd3 27. Re2 Bc6 28. Ng4 Bg7
29. Nf2 Nxf2 30. Kxf2 Bd4+ 31. Kg2 e5 32. Bf3 e4 33. Bg4 Bc5 34. Bf5 e3 35. Kf3
d4+ 36. Be4 Ra8 37. Rd1 Kc7 38. Rc2 Kd6 39. Re2 Bxe4+ 40. Kxe4 Re8+ 41. Kd3 Kd5
42. Ra1 h5 43. g4 Rf8 44. f5 Ke5 45. Rg2 h4 46. Ra5 b6 47. Ra7 {Zherebukh,Y 
(2623)-Malakhatko,V (2539) Minsk 2014 1-0 (62)}) 18. Nc3 {[%emt 0:10:34]} Ke7 {
[%emt 0:18:19]} 19. Rad1 {[%emt 0:42:26] La position est complexe et le
roumain a dépensé près de 45 mns sur cette position pour choisir un plan}
Nf5 $44 {[%emt 0:20:02][%csl Rg3]} 20. Rf3 {[%emt 0:01:50]} axb4 $1 {[%emt 0:
01:04]} 21. axb4 {[%emt 0:00:05]} d4 {[%emt 0:00:45]} 22. Ne2 {[%emt 0:00:33]}
Bc6 {[%emt 0:00:10]} 23. Nxd4 {[%emt 0:00:08]} Nxd4 {[%emt 0:00:49]} 24. Rxd4 {
[%emt 0:00:03]} Bxf3 {[%emt 0:00:38]} 25. Bxf3 {[%emt 0:00:03]} f6 {[%emt 0:04:
16]} (25... Ra7 26. b5 b6 27. Rd6 $36 {[%csl Gb5,Rb6]}) 26. Bxb7 {[%emt 0:06:
09]} Ra1+ {[%emt 0:00:03]} 27. Kg2 {[%emt 0:02:34]} fxe5 {[%emt 0:00:07][%csl
Gg7]} 28. Rc4 {[%emt 0:00:04][%cal Gc4c7]} exf4 {[%emt 0:03:44]} 29. gxf4 {
[%emt 0:00:09]} (29. Rc7+ Kf6) 29... Rb1 {[%emt 0:01:12]} 30. Be4 {[%emt 0:13:
30]} Rb2+ {[%emt 0:00:08]} 31. Kf3 {[%emt 0:00:25]} 1/2-1/2

[Event "FRA-chT Top 12"]
[Site "Saint Quentin"]
[Date "2014.06.03"]
[Round "11.1"]
[White "Volokitin, Andrei"]
[Black "Salgado Lopez, Ivan"]
[Result "0-1"]
[WhiteElo "2638"]
[BlackElo "2627"]
[Annotator "Ramirez Alvarez,A"]
[PlyCount "60"]
[EventDate "2014.05.24"]
[EventType "team-tourn"]
[EventRounds "11"]
[EventCountry "FRA"]
[SourceTitle "CBM 160 Extra"]
[Source "ChessBase"]
[SourceDate "2014.07.01"]
[SourceVersion "1"]
[SourceVersionDate "2014.07.01"]
[SourceQuality "1"]
[WhiteTeam "Bischwiller"]
[BlackTeam "Chalonne"]
[WhiteTeamCountry "FRA"]
[BlackTeamCountry "FRA"]

1. e4 e6 2. d4 d5 3. e5 c5 4. c3 Nc6 5. Nf3 Qb6 6. Na3 {This is a very strange
move in an otherwise perfectly standard French Advance.} cxd4 {By far the most
logical way to answer. The point is that after the exchange of the c-pawns,
the knight would be far better placed on c3 than a3, or c2 as will take place.}
7. cxd4 Nh6 8. Nc2 {The move is consistent, but we can now see the problem
with Na3. The knight may be useful on c2, but it is also quite passive since
its role is essentially a defensive one that does nothing to fight for the
initiative.} Nf5 9. Bd3 Bd7 10. O-O a5 11. Kh1 Rc8 (11... Nfxd4 $2 {is not
possible and loses material.} 12. Ncxd4 Nxd4 13. Be3 {The point of Kh1 is
revealed. Without it, Black could now get off the hook with Nxf3 check, but
there is no check here to unpin the knight.} Bc5 14. Rc1 Bc6 (14... Rc8) 15.
Rxc5 Qxc5 16. Nxd4 {and White is up a piece.}) 12. a4 Be7 13. Bd2 {White is
goading Black into taking on d4.} O-O {Salgado is not interested though and
instead underestimates the danger of the alternative.} ({Now} 13... Nfxd4 {
is playable, but it leads to a double-edged position Black did not want to
venture into.} 14. Be3 Bc5 15. Nfxd4 Nxd4 16. Nxd4 Bxd4 17. Qg4 $1 {and White
recovers the pawn while stranding the Black king in the center.} Bxe3 18. Qxg7
Rf8 19. fxe3 Qxe3 20. Bxh7 {with a very unclear position.}) 14. g4 $1 {White
now has a strong attack} Nh6 15. Bxh6 $2 {A mistake. White had no reason to
hurry to play this, even if he wanted to give up a valuable attacking piece to
fracture Black's king position. The knight has nowhere to go at the moment.} (
15. Rg1 $1 {was stronger. It protects the g4 pawn and prepares all manner of
hardship for Black.} Qb3 {Now} 16. Bxh6 {is stronger since the rook is already
positioned on the g-file to followup with immediate action.} gxh6 17. g5 {
and things are looking bad for Black.}) 15... gxh6 16. Qd2 Kg7 17. g5 h5 18.
Qe2 Nb4 19. Nxb4 Qxb4 {Since Black is grasping at straws, lacking any concrete
way to generate counterplay, he depends very much on White cooperating with
him. Black is threatening to take on a4, but the real game is on the kingside.
He has more than one promising way to pursue the attack.} 20. b3 $2 {This was
not it though! Granted the pawn cannot be taken due to Qxb3 Rb1, but it allows
Black to penetrate on the c-file, a dream come true.} ({Instead, one way to
continue the attack might be} 20. Ne1 $1 {with the straightforward idea of
taking on h5 and shoving f5 down Black's throat. A sample continuation might
continue} Qxd4 21. f4 Rh8 {At some point this will be necessary since Qxh7
hitting on h7 cannot be stopped.} 22. Nc2 Qxb2 23. f5 {and White's attack is
very unpleasant.}) ({The alternate plan of attack might involve} 20. Rg1 $1 {
Obviously White is not really threatening g6. His plan is the rook lift with
Rg3-h3 and pile the pieces on the h-file. The other rook can join and add
threats via the g-file as it is.} Rh8 {Not only does this protect against any
immediate attacks on h7, but it also opens the way for the king to escape via
f8.} 21. Rg3 {and once more the initiative is clearly in White's hands.}) 20...
Rc3 $1 {Now the entire dynamic has changed, and it is Black who is better
since White still needs too much time for his attack to gather steam.} 21. Rfc1
Rfc8 22. Rxc3 Rxc3 23. Bc2 b5 $1 {preparing the way for the light squared
bishop.} 24. axb5 Qxb5 25. Qd1 a4 26. bxa4 $4 {White's position was already
coming apart at the seams, but this blunder ends it.} Qc4 27. Nd2 (27. Bb1 Rc1)
(27. Rc1 Bxa4 28. Bxa4 (28. Ne1 Qf1#) 28... Rxc1) 27... Qxd4 28. Bxh7 Rh3 29.
Bc2 Qxf2 30. Nf1 Bc5 0-1